Geopolitics, geography, and strategy / (Record no. 16264)

000 -LEADER
fixed length control field 01093cam a22002894a 4500
001 - CONTROL NUMBER
control field 4522925
005 - DATE AND TIME OF LATEST TRANSACTION
control field 20170105102936.0
008 - FIXED-LENGTH DATA ELEMENTS--GENERAL INFORMATION
fixed length control field 990623s1999 enkab b 001 0 eng
010 ## - LIBRARY OF CONGRESS CONTROL NUMBER
LC control number 99038173
020 ## - INTERNATIONAL STANDARD BOOK NUMBER
International Standard Book Number 0714649902 (cloth)
020 ## - INTERNATIONAL STANDARD BOOK NUMBER
International Standard Book Number 0714680532 (paper)
040 ## - CATALOGING SOURCE
Original cataloging agency DLC
Transcribing agency DLC
Modifying agency DLC
042 ## - AUTHENTICATION CODE
Authentication code pcc
050 00 - LIBRARY OF CONGRESS CALL NUMBER
Classification number JC319
Item number .G487 1999
082 00 - DEWEY DECIMAL CLASSIFICATION NUMBER
Classification number 320.12
Edition number 21
245 00 - TITLE STATEMENT
Title Geopolitics, geography, and strategy /
Statement of responsibility, etc. editors, Colin S. Gray, Geoffrey Sloan.
260 ## - PUBLICATION, DISTRIBUTION, ETC.
Place of publication, distribution, etc. London ;
-- Portland, OR :
Name of publisher, distributor, etc. Frank Cass,
Date of publication, distribution, etc. 1999.
300 ## - PHYSICAL DESCRIPTION
Extent 289 p. :
Other physical details ill., maps ;
Dimensions 23 cm.
504 ## - BIBLIOGRAPHY, ETC. NOTE
Bibliography, etc. note Includes bibliographical references and index.
650 #0 - SUBJECT ADDED ENTRY--TOPICAL TERM
Topical term or geographic name entry element Geopolitics.
700 1# - ADDED ENTRY--PERSONAL NAME
Personal name Gray, Colin S.
700 1# - ADDED ENTRY--PERSONAL NAME
Personal name Sloan, G. R.
Fuller form of name (Geoffrey R.)
856 42 - ELECTRONIC LOCATION AND ACCESS
Materials specified Publisher description
Uniform Resource Identifier <a href="http://www.loc.gov/catdir/enhancements/fy0652/99038173-d.html">http://www.loc.gov/catdir/enhancements/fy0652/99038173-d.html</a>
906 ## - LOCAL DATA ELEMENT F, LDF (RLIN)
a 7
b cbc
c orignew
d 1
e ocip
f 19
g y-gencatlg
942 ## - ADDED ENTRY ELEMENTS (KOHA)
Source of classification or shelving scheme
Koha item type Book
Holdings
Withdrawn status Lost status Damaged status Not for loan Collection code Permanent Location Current Location Shelving location Date acquired Total Checkouts Full call number Barcode Date last seen Date last checked out Price effective from Koha item type
          Centre for International Peace & Stability (CIPS) Centre for International Peace & Stability (CIPS) General Stacks 03/14/2016 1 320.12 GEO 1999 CIPS0002765 09/11/2025 08/07/2025 03/14/2016 Book
© 2023 Central Library, National University of Sciences and Technology. All Rights Reserved.